=LDR 00000nam 2200000 4500 =001 000143 =020 $9786239602772 =082 $297.500 =100 $$a Asep Maulana =245 $$a Ubah mindset anda /$c Asep Maulana =250 $Cetakan I =264 $Depok: Senja Media Utama 2023 =300 $132 halaman; 19 cm. =650 $Islam =905 $297.5 ASE u =336 $$a =337 $$a =338 $$a =005 20260702151432.0 =008 260702s2026\\\\\\\\\\\\\\\\\\\\\\\\\\\\\\\\\\\\\\\\\